| 000 | 00817nam a2200229Ii 4500 | ||
|---|---|---|---|
| 003 | JO-AjNU | ||
| 008 | 230605s9999||||xx |||||||||||||| ||und|| | ||
| 017 | _a1993/10991 | ||
| 020 | _a977-00-6274 | ||
| 040 |
_aJO-AjNU _bara _erda _cJO-AjNU |
||
| 041 | _aara | ||
| 050 | 1 | 4 | _aGV990 1994 |
| 100 | 3 |
_aاعداد الجمال، عبد النبي؛ تقديم، درويش، كمال, _eauthor _914139 |
|
| 245 | 0 | 0 | _aالموسوعة العربية للتنس : الأخطاء الشائعة وكيفية تصحيحها، الجزء الثالث |
| 250 | _aط1 | ||
| 264 | 3 | 1 | _aالقاهرة: د.ن، 1993 |
| 300 |
_aج3، 105ص _bصور توضيخية |
||
| 336 |
_atext _btxt _2rdacontent |
||
| 337 |
_aunmediated _bn _2rdamedia |
||
| 338 |
_avolume _bnc _2rdacarrier |
||
| 650 | 4 |
_aالتنس - رياضة _914140 |
|
| 999 |
_aA3700 _c7268 _d7268 |
||